Statistics for All The Single Letter Elements

Click here to take the quiz!

General Stats

  • This quiz has been taken 27 times
  • The average score is 11 of 14

Answer Stats

Element NameAnswer% Correct
Hhydrogen
100%
Ccarbon
96%
Kpotassium
96%
Iiodine
92%
Ooxygen
92%
Bboron
88%
Nnitrogen
88%
Ffluorine
83%
Pphosphorus
67%
Uuranium
67%
Ssulfur
63%
Vvanadium
50%
Wtungsten
38%
Yyttrium
33%

Score Distribution

Percentile by Number Answered

Percent of People with Each Score

Your Score History

You have not taken this quiz